000 00659nam a2200265Ia 4500
005 20260306164525.0
008 008 260114s9999 xx 000 0 eng d
020 _a9780190067212
037 _aEBOOK
040 _aCRL
040 _beng
040 _cCRL
041 _2eng
041 _aeng
084 _qCRL
100 _aMeng Ji, Sara Laviosa
_91130970
245 4 _aThe Oxford Handbook Of Translation And Social Practices
260 _bOxford University Press
260 _c2020
650 _aLinguistics
856 _uhttps://academic.oup.com/edited-volume/35470
942 _cEBOOK
999 _c1714379
_d1714379